Bioactive peptides / (Record no. 186191)
[ view plain ]
| 000 -CABECERA | |
|---|---|
| campo de control de longitud fija | 00771nam a2200193Ia 4500 |
| 001 - NÚMERO DE CONTROL | |
| campo de control | IA_6562,14/09/2017,14/09/2017,5232272009 -usafmn8222223322eng16," |
| 008 - DATOS DE LONGITUD FIJA--INFORMACIÓN GENERAL | |
| campo de control de longitud fija | 220117samylin xx 000 0 und d |
| 010 ## - NÚMERO DE CONTROL DE LA BIBLIOTECA DEL CONGRESO | |
| Número de control de LC | 186191 |
| 020 ## - NÚMERO INTERNACIONAL ESTÁNDAR DEL LIBRO | |
| Número Internacional Estándar del Libro | 978-1-4200-6114-7 |
| 082 ## - NÚMERO DE LA CLASIFICACIÓN DECIMAL DEWEY | |
| Número de clasificación | 612.015756 B56 2009 |
| 245 ## - MENCIÓN DE TÍTULO | |
| Título | Bioactive peptides / |
| Mención de responsabilidad, etc. | edición John Howl y Sarah Jones |
| 260 ## - PUBLICACIÓN, DISTRIBUCIÓN, ETC. | |
| Lugar de publicación, distribución, etc. | Estados Unidos de América : |
| Nombre del editor, distribuidor, etc. | CRC Press, |
| Fecha de publicación, distribución, etc. | amylin |
| 300 ## - DESCRIPCIÓN FÍSICA | |
| Extensión | xv |
| 901 ## - ELEMENTOS DE DATOS A LOCAL LDA (RLIN) | |
| a | and Suzanne E. Newton -- Neurotensin / Paul R. Dobner and Robert E. Carraway -- |
| 904 ## - ELEMENTOS DE DATOS D LOCAL, LDD (RLIN) | |
| a | amylin |
| 942 ## - ELEMENTOS DE PUNTO DE ACCESO ADICIONAL (KOHA) | |
| Tipo de ítem Koha | |
No items available.
